| 000 | 01251nam a22003497a 4500 | ||
|---|---|---|---|
| 003 | CHAP | ||
| 005 | 20220329140530.0 | ||
| 008 | 971013s1952 r 00010 d | ||
| 010 | _a53445 | ||
| 011 | _a54417 | ||
| 035 | _a58568 | ||
| 040 | _cCHAP | ||
| 082 |
_a633.15 _bW45ra |
||
| 100 | 0 | 0 |
_aWellhausen, Edwin John. _9121430 |
| 245 | _aRaces of maize in México, their origin, characteristics and distribution | ||
| 260 |
_aCambridge : _bHarvard University, _c1952 |
||
| 300 |
_a223 p. _b: ilus. |
||
| 590 |
_aBATCH-UPD _b10 _c20130110 _lUCH01 _h0829 |
||
| 590 |
_aBATCH-UPD _b10 _c20130410 _lUCH01 _h0507 |
||
| 590 |
_aBATCH-UPD _b10 _c20130914 _lUCH01 _h1753 |
||
| 590 |
_aCONVERSION _b10 _c20130109 _lUCH01 _h1329 |
||
| 650 | 1 | 4 |
_aMaíz _xVariedades. _971081 |
| 650 | 1 | 4 |
_aMaíz _zMéxico. _971098 |
| 700 | 0 |
_aHernández Xolocotzi, Efraím. _954753 |
|
| 700 | 0 |
_aRoberts, L. M. _997927 |
|
| 901 | _aBK | ||
| 942 | _cLIBRO | ||
| 949 |
_a633.15 W45ra _bBC _cLIBRO _d33724000208484 _eLIBRO _fc.2 _i58568 _so |
||
| 949 |
_a633.15 W45ra _bBC _cLIBRO _d33724000208518 _eLIBRO _fc.3 _h22277 _i58568 _si |
||
| 949 |
_a633.15 W45ra _bBC _cLIBRO _d33724000208526 _eLIBRO _fc.4 _h28305 _i58568 _si |
||
| 949 |
_a633.15 W45ra _bBC _cLIBRO _d33724000208559 _eLIBRO _h22276 _i58568 _si |
||
| 999 |
_c53445 _d53445 |
||